Statistiques concernant Pays par superficie (décroissant)

Cliquez ici pour prendre le quiz!

Statistiques générales

  • Ce quiz a été pris 45 fois
  • Le résultat moyen est 112 sur 196

Statistiques - réponses

Superficie en km²ClassementRéponse% Correct
17,1M1Russie
100%
9,9M2Canada
97%
9,62M3Etats Unis
97%
8,5M5Brésil
95%
9,6M4Chine
92%
2,38M10Algérie
89%
2,78M8Argentine
89%
7,6M6Australie
89%
3,2M7Inde
89%
342k62Congo
86%
2,34M11RD congo
86%
783k36Turquie
86%
2,1M12Arabie saoudite
84%
756k37Chili
84%
1,6M17Iran
84%
1,96M13Mexique
84%
1,91M14Indonésie
81%
377k60Japon
81%
2,72M9Kazakhstan
81%
1,285M19Pérou
81%
576k48Ukraine
81%
1,22M24Afrique du sud
78%
1,09M27Bolivie
78%
510k51Espagne
78%
1,5M18Mongolie
78%
796k35Pakistan
78%
450k55Suède
78%
42k129Danemark
76%
1M29Egypte
76%
338k63Finlande
76%
1,7M16Libye
76%
1,24M23Mali
76%
270k73Nouvelle zélande
76%
312k68Pologne
76%
242k77Royaume uni
76%
1,8M15Soudan
76%
912k32Venezuela
76%
652k41Afghanistan
73%
357k61Allemagne
73%
207k83Biélorussie
73%
1,14M25Colombie
73%
301k70Italie
73%
710k39Maroc
73%
0,44196Vatican
73%
587k45Madagascar
70%
1,26M21Niger
70%
323k66Norvège
70%
309k69Oman
70%
1,284M20Tchad
70%
513k50Thailande
70%
527k49Yémen
70%
1,1M26Ethiopie
68%
435k57Irak
68%
923k31Nigeria
68%
475k53Cameroun
65%
256k75Equateur
65%
580k47Kénya
65%
447k56Ouzbékistan
65%
468177Andorre
62%
1,246M22Angola
62%
30k134Belgique
62%
676k40Birmanie
62%
622k44Centrafrique
62%
120k96Corée du nord
62%
99k106Corée du sud
62%
56k123Croatie
62%
89k109Jordanie
62%
236k81Laos
62%
2195Monaco
62%
824k33Namibie
62%
92k108Portugal
62%
61191Saint-Marin
62%
185k86Syrie
62%
488k52Turkménistan
62%
582k46Botswana
59%
322k67Cote d'ivoire
59%
131k94Grèce
59%
214k82Guyana
59%
2k166Luxembourg
59%
1,02M28Mauritanie
59%
147k91Népal
59%
462k54Papouasie Nouvelle-Guinée
59%
238k80Roumanie
59%
49k126Slovaquie
59%
20k148Slovénie
59%
637k43Somalie
59%
644k42Soudan du sud
59%
41k130Suisse
59%
945k30Tanzanie
59%
176k88Uruguay
59%
83k112Autriche
57%
109k103Cuba
57%
238k79Ghana
57%
103k105Islande
57%
17k150Koweit
57%
25k144Macedoine du nord
57%
406k58Paraguay
57%
37k131Pays bas
57%
78k114République tchèque
57%
163k89Suriname
57%
143k93Tadjikistan
57%
56k122Togo
57%
331k64Vietnam
57%
752k38Zambie
57%
390k59Zimbabwe
57%
51k124Bosnie-herzégovine
54%
110k102Bulgarie
54%
181k87Cambodge
54%
9k161Chypre
54%
51k125Costa rica
54%
83k113Emirats arabes unis
54%
70k117Irlande
54%
10k159Kosovo
54%
130k95Nicaragua
54%
75k115Panama
54%
11k156Qatar
54%
88k110Serbie
54%
163k90Tunisie
54%
29k136Arménie
51%
143k92Bangladesh
51%
22k146Belize
51%
27k141Burundi
51%
45k128Estonie
51%
30k135Lesotho
51%
64k121Lettonie
51%
10k160Liban
51%
65k120Lituanie
51%
316184Malte
51%
801k34Mozambique
51%
710174Singapour
51%
36k132Taiwan
51%
117k98Erythrée
49%
69k118Géorgie
49%
245k76Guinée
49%
112k100Honduras
49%
93k107Hongrie
49%
330k65Malaisie
49%
118k97Malawi
49%
702175Micronésie
49%
13k154Monténegro
49%
21k147Salvador
49%
196k85Sénégal
49%
28k138Albanie
46%
758170Bahrein
46%
114k99Bénin
46%
272k72Burkina faso
46%
18k149Fidji
46%
267k74Gabon
46%
108k104Guatemala
46%
27k142Haiti
46%
181189Iles marshall
46%
199k84Kirghizistan
46%
241k78Ouganda
46%
26k143Rwanda
46%
2k165Samoa
46%
65k119Sri lanka
46%
5k162Brunei
43%
4k164Cap-Vert
43%
17k151Eswatini
43%
11k157Gambie
43%
28k139Guinée équatoriale
43%
726173Kiribati
43%
2k168Maurice
43%
33k133Moldavie
43%
48k127République dominicaine
43%
964169Sao Tomé-et-principe
43%
452179Seychelles
43%
747172Tonga
43%
430181Barbade
41%
2k167Comores
41%
23k145Djibouti
41%
10k158Jamaique
41%
111k101Libéria
41%
21193Nauru
41%
71k116Sierra leone
41%
14k152Timor oriental
41%
26192Tuvalu
41%
344183Grenade
38%
28k137Iles salomon
38%
300185Maldives
38%
539176Sainte-Lucie
38%
12k155Vanuatu
38%
442180Antigua-et-Barbuda
35%
459178Palaos
35%
389182Saint-Vincent-et-les-grenadines
35%
5k163Trinité-et-Tobago
35%
28k140Palestine
32%
751171Dominique
30%
261186Saint-Christophe-et-Nièves
30%
13k153Bahamas
27%
300k71Philipines
22%
86k111Azerbaijan
11%
236188Iles cook
3%
260187Niue
3%
6194Gibraltar
0%
160190Leichtenstein
0%

Distribution des résultats

Percentile par nombre de réponses

% des personnes avec chaque résultat

Votre développement - résultats

Vous n’avez pas pris ce quiz